<?xml version="1.0" encoding="UTF-8"?>
<record
    xmlns:xsi="http://www.w3.org/2001/XMLSchema-instance"
    xsi:schemaLocation="http://www.loc.gov/MARC21/slim http://www.loc.gov/standards/marcxml/schema/MARC21slim.xsd"
    xmlns="http://www.loc.gov/MARC21/slim">

  <leader>01283nam a22002417a 4500</leader>
  <datafield tag="952" ind1=" " ind2=" ">
    <subfield code="0">0</subfield>
    <subfield code="1">0</subfield>
    <subfield code="2">lcc</subfield>
    <subfield code="4">0</subfield>
    <subfield code="7">0</subfield>
    <subfield code="a">11</subfield>
    <subfield code="b">11</subfield>
    <subfield code="d">2015-09-01</subfield>
    <subfield code="l">0</subfield>
    <subfield code="o">LB1051 H3818 2000</subfield>
    <subfield code="p">11 012562</subfield>
    <subfield code="r">2015-09-01</subfield>
    <subfield code="t">1</subfield>
    <subfield code="w">2015-09-01</subfield>
    <subfield code="y">LB</subfield>
  </datafield>
  <datafield tag="999" ind1=" " ind2=" ">
    <subfield code="c">97538</subfield>
    <subfield code="d">97538</subfield>
  </datafield>
  <controlfield tag="005">20231102151842.0</controlfield>
  <controlfield tag="008">150804s2000    mx a|||  |||| 001 0dspa d</controlfield>
  <datafield tag="020" ind1=" " ind2=" ">
    <subfield code="a">9706860010 </subfield>
  </datafield>
  <datafield tag="050" ind1="0" ind2="4">
    <subfield code="a">LB1051 </subfield>
    <subfield code="b">H3818 2000</subfield>
  </datafield>
  <datafield tag="100" ind1=" " ind2=" ">
    <subfield code="a">Henson, Kenneth</subfield>
    <subfield code="e">autor</subfield>
  </datafield>
  <datafield tag="240" ind1=" " ind2=" ">
    <subfield code="a">Educational psychology for effective teaching</subfield>
    <subfield code="l">Espa&#xF1;ol</subfield>
  </datafield>
  <datafield tag="245" ind1="1" ind2="0">
    <subfield code="a">Psicologia educativa para la ense&#xF1;anza eficaz </subfield>
    <subfield code="c">/ Kenneth T. Henson:  ; traducci&#xF3;n de Mar&#xED;a Elena Ortiz Salinas </subfield>
  </datafield>
  <datafield tag="260" ind1="3" ind2=" ">
    <subfield code="a">M&#xE9;xico</subfield>
    <subfield code="b">: Thomson Editores</subfield>
    <subfield code="c">, 2000</subfield>
  </datafield>
  <datafield tag="300" ind1=" " ind2=" ">
    <subfield code="a">554 p&#xE1;ginas </subfield>
    <subfield code="b">: ilustraciones</subfield>
  </datafield>
  <datafield tag="500" ind1=" " ind2=" ">
    <subfield code="a">Incluye: Resumen del contenido, Prefacio, Glosario, Referencias, Indice de autores, Indice tem&#xE1;tico</subfield>
  </datafield>
  <datafield tag="505" ind1=" " ind2=" ">
    <subfield code="a">C&#xF3;mo es el desarrollo de los estudiantes  
C&#xF3;mo influyen en la ense&#xF1;anza las diferencias entre los estudiantes  
Las principales teor&#xED;as del aprendizaje y su utilizaci&#xF3;n en la ense&#xF1;anza  
M&#xE9;todos instruccionales para la ense&#xF1;anza eficaz  
Motivar a los estudiantes y manejo del ambiente del sal&#xF3;n de clases  
Calificaci&#xF3;n y evaluaci&#xF3;n del desempe&#xF1;o del estudiante  </subfield>
  </datafield>
  <datafield tag="519" ind1=" " ind2=" ">
    <subfield code="a">Material Complementario /  </subfield>
    <subfield code="d">(11 012562)  </subfield>
  </datafield>
  <datafield tag="650" ind1="1" ind2="0">
    <subfield code="a">PSICOPEDAGOG&#xCD;A </subfield>
  </datafield>
  <datafield tag="650" ind1="2" ind2="0">
    <subfield code="a">PSICOLOG&#xCD;A DEL APRENDIZAJE </subfield>
  </datafield>
  <datafield tag="650" ind1="2" ind2="0">
    <subfield code="a">ENSE&#xD1;ANZA EFECTIVA</subfield>
  </datafield>
  <datafield tag="700" ind1=" " ind2=" ">
    <subfield code="a">Eller, Ben F.</subfield>
    <subfield code="e">autor</subfield>
  </datafield>
  <datafield tag="942" ind1=" " ind2=" ">
    <subfield code="c">LB</subfield>
  </datafield>
</record>
